Chceš urobiť "vodičák"?

Gespeichert in:
Bibliographische Detailangaben
Format: Buch
Sprache:Slowakisch
Veröffentlicht: Bratislava : NOVÁ PRÁCA, 2023
Tags: Tag hinzufügen
Keine Tags, Fügen Sie das erste Tag hinzu!

MARC

LEADER 00000nam a22000003a 4500
001 0108214
003 SK-STU
005 20240131135535.2
007 ta
008 240131s ----xo-----e------000-0-----d
020 |a 978-80-8270-007-0 
040 |a STU  |b slo 
041 0 |a slo 
044 |a xo 
245 1 0 |a Chceš urobiť "vodičák"? 
260 |a Bratislava :  |b NOVÁ PRÁCA,  |c 2023 
300 |a 267 s. 
996 |b 284EK90522  |c E* 90522  |l EE01  |s A  |a 24  |w 0108214_0001